banner-ar

AYSGRABENGEN IN SAYALLA NUBIEN 1961 - 1965 DENKNALEX DER C-GRUPPE / (Record no. 20440)

MARC details
000 -الفاتح
حقل البيانات ثابتة الطول 00502nam a2200181Ia 4500
008 - عناصر البيانات ثابتة الطول - معلومات عامة
حقل البيانات ثابتة الطول 140319s9999 xx 000 0 eng d
040 ## - مصدر الفهرسة
وكالة الفهرسة الأصلية GCL /
وكالة النسخ GCL
082 04 - رقم تصنيف ديوى العشرى
رقم التصنيف CC
رقم المادة 726.1
-- B A
100 1# - المدخل الرئيسى - إسم شخصى
الإسم الشخصى BIETAK, MANFRED
245 10 - بيان العنوان
العنوان AYSGRABENGEN IN SAYALLA NUBIEN 1961 - 1965 DENKNALEX DER C-GRUPPE /
بيان المسئوليه,etc BIETAK, MANFRED
260 ## - PUBLICATION, DISTRIBUTION, ETC. (IMPRINT)
تاريخ النشر أو التوزيع 1966
300 ## - الوصف المادى
التعداد 100
650 04 - المدخل الاضافى بالموضوع-مصطلح موضوعى
مصطلح موضوعي NUBIA
650 04 - المدخل الاضافى بالموضوع-مصطلح موضوعى
مصطلح موضوعي NUBIA - TOMBS
650 04 - المدخل الاضافى بالموضوع-مصطلح موضوعى
مصطلح موضوعي SAYALA, NUBIA
942 ## - عناصر المدخل الإضافي( كوها)
مصدر التصنيف او مخطط الترفيف Dewey Decimal Classification
Koha [default] item type كتاب
260 ## - PUBLICATION, DISTRIBUTION, ETC. (IMPRINT)
-- [S.N] :
-- HERMANN BOHLAUS NACHF. ،
Holdings
حالة التراجع حالة الفقد حالة تلف ليس للاعارة المكان المؤقت الموقع الحالى تاريخ الاكتساب اجمالي اﻻعارات رقم الطلب الباركود تاريخ اخر مشاهدة تاريخ تفعيل السعر نوع وعاء كوها
        مكتبة القاهرة الكبرى مكتبة القاهرة الكبرى 03/26/2014   CC\726.1\B A 38344 03/26/2014 03/26/2014 كتاب

Powered By

EGPV